Alle Länder mit K - Statistiken

Allgemein
  • Dieses Quiz wurde 165 mal gespielt
  • Das Durchschnittsergebnis liegt bei 12 aus 17
Antwortstatistiken
Nr Antwort % Korrekt
7 Kasachstan
91%
9 Kenia
88%
5 Kanada
84%
12 Kolumbien
84%
15 Kroatien
83%
1 (Demokratische Republik) Kongo
75%
3 Kambodscha
75%
2 (Republik) Kongo
75%
4 Kamerun
73%
10 Kirgistan
68%
11 Kiribati
65%
13 Komoren
63%
17 Kuwait
63%
16 Kuba
61%
6 Kap Verde
60%
14 Kosovo
59%
8 Katar
57%
Keine übereinstimmenden Quizze gefunden
Verteilung der Resultate
Anzahl Personen mit jedem Resultat
Perzentil nach korrekt beantworteten Fragen
Ihre Resultats-Entwicklung
Sie haben dieses Quiz noch nicht gespielt